Inaccurate Spoilers: TV Quiz Stats

 Plays Quiz Updated Oct 30, 2018

Support Sporcle.
Go Orange.
Score 0/20 Timer 06:00
2 Plays Today
'Spoiler' Answer % Correct
A problem with the left phalange leads Rachel’s plane to crash. Joey and Chandler have ice cream cake at her funeral.Friends
92.9%
Zombie Juliet impales Kate. Thanks to his new found powers of flight Sawyer escapes the island. Jack gets a job working for Locke at Radio Shack, and everything somehow makes senseLOST
85.2%
Between the hours of 6:00 PM and 7:00 PM (EST) Jack uses the bathroom, Chloe purchases a five dollar footlong, and a Serbian assassin strangles the pope’s decoy. 24
82.1%
Sam burns down the bar for the insurance money.Cheers
71.6%
The Tanners learn that Joey’s been dealing drugs out of their basement for the past eight years. Suddenly Kimmy’s constant visits make sense. Full House
70.6%
The war ends only to reveal that the entire thing took place in the mind of Hawkeye’s autistic son.M*A*S*H
65.3%
Now that it’s time to ascend to the throne of Warrioressia Lucy Lawless needs to learn manners and royal procedures.Xena: Warrior Princess
64.6%
Tia and Tamera are shocked to learn that they in fact are not twins separated at birth. Ray actually runs an underground cloning facility and Lisa is his receptionist. Sister, Sister
62.6%
Your captain, your cruise director, your ship’s doctor, and your bartender hit an iceberg and catch hypothermia in a plot that is neither exciting nor new but still romanticThe Love Boat
58%
June leaves Ward upon learning that he’s been having a lengthy affair with that ‘hussy down the street.’ Leave it to Beaver
55.1%
'Spoiler' Answer % Correct
Timmy realizes that increasing political and socioeconomic tensions have led his beloved pet to become apathetic. He starves to death at the bottom of a well. Lassie
53.1%
Having developed telekinetic powers Brenda returns to murder everyone in her old zip code just for kicks. She also burns an effigy of Alyssa Milano for some reason. Beverly Hills, 90210
49.5%
Samantha is burned at the stake. The producers infamously flub when they try to lighten the final scene with a laugh track.Bewitched
48.9%
Turns out the reason why people always turn up murdered when Jessica Fletcher visits a town is because she’s the one killing them. Murder She Wrote
47.5%
After learning that Dana is his long lost sister, Fox attempts to relieve the years of sexual tension by shouting “Awkward!” It doesn’t work. X-Files
46.2%
The Scooby Gang decides to take their nickname a little more literally. Xander leases a van while Willow buys a dog. Dawn is in danger somehow.Buffy the Vampire Slayer
45.9%
Alice becomes a female astronaut to prove that she can get to the moon without Ralph. Honeymooners
45.5%
Mary realizes her lifelong dream of being a glassblower and quits WJM-TV.Mary Tyler Moore Show
43.9%
The entire series is one extended dream sequence of young Alexis, who in the midst of the Great Depression has dreams of big money, big oil, and big shoulders.Dynasty
21%
Nate makes a shocking recovery, making this the only episode in which no one dies.Six Feet Under
15.7%

You're not logged in!

Compare scores with friends on all Sporcle quizzes.
OR
Log In

From the Vault

Disney or Dickinson?

by BillyJoelRulez

Walt and Emily would be proud.
Remove Ads.
Support Sporcle.
Get the best of Sporcle when you Go Orange. This ad-free experience offers more features, more stats, and more fun while also helping to support Sporcle. Thank you for becoming a member.

Show Comments

Extras

Top Quizzes Today


Score Distribution

Your Account Isn't Verified!

In order to create a playlist on Sporcle, you need to verify the email address you used during registration. Go to your Sporcle Settings to finish the process.

Report this User

Report this user for behavior that violates our Community Guidelines.

Details: